000 00514nam a2200217Ia 4500
003 OSt
005 20220509145109.0
008 210210b1990 xxu||||| |||| 00| 0 eng d
020 _a81 7040 103 8
040 _aAL
_c
041 _aEglish
082 _a343.07 CHEB
100 _aCHERUNILAM (Francis)
_935077
245 _aBusiness and government
250 _a5
260 _aBombay
_bHimalaya Publishing House
_c1990
300 _a393
690 _aPublic Law
_935078
906 _a044881
942 _2ddc
_cBK
999 _c94213
_d94213